000 00626nam a22002057a 4500
003 0
005 20251107131140.0
008 251107b xxu||||| |||| 00| 0 eng d
020 _a0-06-103043-0
050 _aPS 3559.S15
_b.I83 2002
100 _aIsaacs, Susan,
_eauthor.
245 _aLong time no see /
_cSusan Isaacs.
260 _aNew York, NY :
_bHarpertorch,
_c2002.
300 _ax, 482 pages ;
_c18 cm.
650 _aDetective and mystery fiction.
650 _aWomen detectives
_zNew York (State)
_xFiction.
650 _aMissing persons
_xInvestigation
_vFiction.
650 _aDomestic fiction.
942 _2lcc
_cBK
999 _c368494
_d368494